The selection and use of essential medicines (Record no. 49522)
[ view plain ]
| 000 -LEADER | |
|---|---|
| fixed length control field | 01656nam a2200349Ia 4500 |
| 245 04 - TITLE STATEMENT | |
| Title | The selection and use of essential medicines |
| 260 ## - PUBLICATION, DISTRIBUTION, ETC. (IMPRINT) | |
| Place of publication | Geneva : |
| Name of publisher | World Health Organization, |
| Year of publication | 2004. |
| 300 ## - PHYSICAL DESCRIPTION | |
| Number of Pages | vi, 127 p. |
| 490 1# - SERIES STATEMENT | |
| Series statement | WHO technical report series, |
| 500 ## - GENERAL NOTE | |
| General note | "The WHO Expert Committee on the Selection and Use of Essential Medicines met in Geneva from 31 March to 3 April 2003"--P. 1. |
| 650 #0 - SUBJECT ADDED ENTRY--TOPICAL TERM | |
| Topical Term | Drugs |
| Topical Term | Medicine |
| Topical Term | Drug utilization |
| 856 40 - ELECTRONIC LOCATION AND ACCESS | |
| Uniform Resource Identifier | http://site.ebrary.com/lib/rucke/Doc?id=10067180 |
No items available.
